| 000 | 00812cam a22002535a 4500 | ||
|---|---|---|---|
| 001 | 15143107 | ||
| 005 | 20201128020746.0 | ||
| 008 | 080115s2008 cau 000 0 eng | ||
| 010 | _a 2008920909 | ||
| 020 | _a9780495510017 | ||
| 040 |
_aDLC _cDLC |
||
| 082 |
_222 _a150.72 _bJAC |
||
| 100 | 1 |
_aJackson, Sherri L. _94481 |
|
| 245 | 1 | 0 |
_aResearch methods and statistics : _ba critical thinking approach / _cSherri L. Jackson. |
| 250 | _a3rd ed. | ||
| 260 |
_aBelmont, CA : _bHeinle Cengage Learning, _c2008. |
||
| 263 | _a0803 | ||
| 300 |
_a430p.: _bill.; _c23 cm. |
||
| 504 | _aIncludes bibliographical references p.:414-415 and index | ||
| 650 |
_9837 _aPsychology _xResearch|Methodology |
||
| 650 |
_94480 _aPsychometrics |
||
| 942 |
_2ddc _cBB |
||
| 999 |
_c11468 _d11468 |
||